Statistiques concernant Top 15 des villes les plus peuplées du Pays de la Loire

Cliquez ici pour prendre le quiz!

Statistiques générales

  • Ce quiz a été pris 138 fois
  • Le résultat moyen est 9 sur 15

Statistiques - réponses

PopulationsVilles% Correct
323 204Nantes
100%
157 175Angers
95%
145 004Le Mans
90%
49 657Laval
77%
72 057Saint-Nazaire
77%
54 952La Roche-sur-Yon
76%
53 936Cholet
68%
26 215Saumur
61%
48 402Les Sables-d'Olonne
51%
42 998Rezé
51%
49 537Saint-Herblain
46%
28 283Saint-Sébastien-sur-Loire
30%
27 872Orvault
28%
26 002Vertou
28%
25 806Sèvremoine
4%

Distribution des résultats

Percentile par nombre de réponses

% des personnes avec chaque résultat

Votre développement - résultats

Vous n’avez pas pris ce quiz